000
00373nam a2200133Ia 4500
001
14917
003
GE_BSU
008
181216s||||||||xx |||||||||||||| ||und||
040
_c
GE_BSU
100
_a
Бермант,А.Ф.
245
_a
Курс математического анализа. ч.1
653
_a
Курс математического анализа
942
_c
BK
999
_c
48037
_d
48037